| 000 | 01445nam a2200337 i 4500 | ||
|---|---|---|---|
| 003 | EG-GICUC | ||
| 005 | 20260203215531.0 | ||
| 008 | 260203s1978 ua ||||fr|||| 00| 0 ara d | ||
| 017 | _a1978/3680 | ||
| 020 | _a9777307000 | ||
| 040 |
_a EG-GICUC _bara _c EG-GICUC _d EG-GICUC _erda |
||
| 041 | _aara | ||
| 082 | 0 | 4 |
_221 _a343.3 _bر م . إ |
| 092 | 0 | 4 | _221 |
| 099 | _aLaw1 10 343.3 ر م . إ1978 | ||
| 100 | 0 |
_aرمسيس بهنام _eمؤلف. |
|
| 245 | 1 | 2 |
_aالإجراءات الجنائية تأصيلا وتحليلا : _bالإجراء الاستقصائى (الاستدلال والتحقيق)- الإجراء القضائى - طرق الطعن فى الأحكام - الإجراء التنفيذى / _cتأليف دكتور رمسيس بهنام. _nالجزءالثانى، |
| 264 | 1 |
_aالاسكندرية : _bمنشأة المعارف، _c1978. |
|
| 300 |
_a486 صفحة ; _c24 سم. _bإيضاحيات، صور، مثيليات ؛ |
||
| 336 |
_2rda content _atext |
||
| 337 |
_2rda media _aComputer |
||
| 338 |
_2rda carrier _aOnline Resource |
||
| 504 | _aيشتمل على إرجاعات ببليوجرافية. | ||
| 546 | _aالنص باللغة العربية | ||
| 650 | 1 |
_aالقانون الجنائي _2qrmak |
|
| 650 | 1 |
_aقانون الإجراءات الجنائية _2qrmak |
|
| 651 | 1 | _2qrmak | |
| 856 | 4 | 0 | _uhttps://fll.law.cu.edu.eg/fulltext/bks/B10-05290.pdf |
| 905 | _a43 | ||
| 942 |
_2ddc _n0 _cBK _e21 |
||
| 999 |
_c60832 _d60832 |
||